Statistics for Atlanta Hawks Top 10 Leaders Playoffs

Click here to take the quiz!

General Stats

  • This quiz has been taken 42 times
  • The average score is 14 of 24

Answer Stats

Answer% Correct
Dominique Wilkins
94%
Lenny Wilkens
94%
Steven Smith
90%
Josh Smith
90%
Joe Johnson
90%
Bob Pettit
87%
Dikembe Mutombo
84%
Al Horford
84%
Jeff Teague
77%
Mookie Blaylock
71%
Paul Millsap
65%
Lou Hudson
55%
Spud Webb
55%
Doc Rivers
55%
Kevin Willis
48%
Tree Rollins
45%
Dan Roundfield
42%
Cliff Hagan
39%
Antoine Carr
32%
Jon Koncak
19%
Zelmo Beaty
16%
Bill Bridges
16%
Walt Bellamy
10%
Richie Guerin
3%

Score Distribution

Percentile by Number Answered

Percent of People with Each Score

Your Score History

You have not taken this quiz